Turismo de base local, identificaciones colectivas, desarrollo sostenible y resiliencia socioecológica en las fuentes del Río San Juan (Región Huetar Norte de Costa Rica) /
Las iniciativas turísticas de base local se imponen como elementos propiciadores, la sostenibilidad ambiental, social y económica de aquellos territorios que han sido fuertemente afectados por procesos crecientes de degradación. La premisa anterior parte de varios casos de emprendimiento turístico e...
Shranjeno v:
| Glavni avtor: | |
|---|---|
| Drugi avtorji: | |
| Format: | Texto |
| Teme: | |
| Oznake: |
Označite
Brez oznak, prvi označite!
|
MARC
| LEADER | 00000 a a2200000 04500 | ||
|---|---|---|---|
| 001 | 43291 | ||
| 003 | |||
| 040 | |||
| 100 | |a Escalera Reyes, Javier | ||
| 245 | |a Turismo de base local, identificaciones colectivas, desarrollo sostenible y resiliencia socioecológica en las fuentes del Río San Juan (Región Huetar Norte de Costa Rica) / |c Javier Escalera Reyes ; Rafael Cáceres Feria | ||
| 500 | |a fjescrey@upo.es |a rcacfer@upo.es | ||
| 520 | |a Las iniciativas turísticas de base local se imponen como elementos propiciadores, la sostenibilidad ambiental, social y económica de aquellos territorios que han sido fuertemente afectados por procesos crecientes de degradación. La premisa anterior parte de varios casos de emprendimiento turístico en la región Norte costarricense, específicamente en las cabeceras de algunos de los ríos que forman parte de la gran cuenca del río San Juan. | ||
| 590 | |a RRA/JULIO2012 | ||
| 650 | |a TURISMO | ||
| 650 | |a COMUNIDADES | ||
| 650 | |a DESARROLLO SOSTENIBLE | ||
| 650 | |a ESTUDIOS DE CASOS | ||
| 650 | |a COSTA RICA | ||
| 700 | |a Cáceres Feria, Rafael | ||
| 773 | |g páginas 119-148 : tablas, mapas | ||
| 999 | |c 38988 |d 38988 | ||
| 773 | 0 | |0 4675 |9 2653 |a Escalera Reyes, Javier |d Costa Rica : FLACSO |o 08029 |t Turismo sostenible, desarrollo local y articulación regional transfronteriza en el Río San Juan (Costa Rica-Nicaragua) / |w ()43284 |z 978-9977-68-212-9 | |
| 773 | 0 | |0 4675 |9 2654 |a Escalera Reyes, Javier |d Costa Rica : FLACSO |o 08038 |t Turismo sostenible, desarrollo local y articulación regional transfronteriza en el Río San Juan (Costa Rica-Nicaragua) / |w ()43284 |z 978-9977-68-212-9 | |



